ბათუმის შოთა რუსთაველის სახელმწიფო უნივერსიტეტის ბიბლიოთეკა

Линейная алгебра (ბიბ.ჩანაწერი № 48235)

000 -LEADER
fixed length control field 00634nam a2200217Ia 4500
001 - CONTROL NUMBER
control field 15119
003 - CONTROL NUMBER IDENTIFIER
control field GE_BSU
008 - FIXED-LENGTH DATA ELEMENTS--GENERAL INFORMATION
fixed length control field 181216s||||||||xx |||||||||||||| ||und||
040 ## - CATALOGING SOURCE
Transcribing agency GE_BSU
080 ## - UNIVERSAL DECIMAL CLASSIFICATION NUMBER
Universal Decimal Classification number 512.64 (075.8)
100 ## - MAIN ENTRY--PERSONAL NAME
Personal name Воеводин,В,В,
245 ## - TITLE STATEMENT
Title Линейная алгебра
245 ## - TITLE STATEMENT
Remainder of title Учеб.пособ. для студ.вузов по специаль,прикладная математика
260 ## - PUBLICATION, DISTRIBUTION, ETC.
Place of publication, distribution, etc. Москва
260 ## - PUBLICATION, DISTRIBUTION, ETC.
Name of publisher, distributor, etc. Наука
260 ## - PUBLICATION, DISTRIBUTION, ETC.
Date of publication, distribution, etc. 1974
300 ## - PHYSICAL DESCRIPTION
Extent 336стр,22см
300 ## - PHYSICAL DESCRIPTION
Other physical details библиог,стр 334
653 ## - INDEX TERM--UNCONTROLLED
Uncontrolled term Линейная алгебра
942 ## - ADDED ENTRY ELEMENTS (KOHA)
Koha item type წიგნი
ეგზემპლარები
Withdrawn status Lost status Damaged status Not for loan Date acquired Barcode Date last seen Price effective from Koha item type
        2018-12-17 16817 2018-12-17 2018-12-17 წიგნი
        2018-12-17 17010 2018-12-17 2018-12-17 წიგნი